01632cam a22002657a 4500020001500000020001800015040001000033082002600043110006100069245003800130260007700168300003800245500003100283520069500314650002001009650002001029650002601049700002301075700002001098700001701118856005701135942000701192999001701199952015001216 a9251059853 a9789251059852 cNLGGC a333 FOO 2003 A018 Or.2 aFood and Agriculture Organization of the United Nations.10aForests and energy :bkey issues. aRome :bFood and Agriculture Organization of the United Nations,cc2008. axiv, 56 p. :bill., map ;c30 cm. aForeword by Wulf Killmann. a"This publication consolidates and synthesizes two more comprehensive studies commissioned by FAO in 2007 and published as working papers. They are Forests and energy in developing countries by Ivan Tomaselli and Forests and energy in OECD countries by Warren Mabee and Jack Saddler. ... A draft version of the consolidated paper, prepared by Douglas Kneeland and Andrea Perlis, was distributed at the FAO Conference Special Event: Forests and Energy in November 2007. The present edition, prepared by Jeremy Broadhead and edited by Maria Casa, incorporates comments received from member countries. Miguel Trossero, Simmone Rose, Sebastian Hetsch and Gustavo Best also contributed"--P. vii. 0aForest biomass. 0aBiomass energy. 0aForests and forestry.1 aBroadhead, Jeremy.1 aKillmann, Wulf.1 aCasa, Maria.41uhttp://www.loc.gov/catdir/toc/fy1002/2008437460.html cEK c12020d12020 0010406333_000000000000000_FOO_2003_A018_OR70960967aLBAbLBAcA018d2017-08-09o333 FOO 2003 A018 Or.pRUA059926r2017-08-09w2017-08-09yEK